Win the Mexican Presidential Election - Statistics

General Stats
  • This quiz has been taken 880 times
  • The average score is 96 of 292
Answers on the Map
Answers color-coded by a green-red scale on the quiz's map according to % correct below.
 
Answer Stats
State # % Correct
México 42
84%
Baja California 9
59%
Chihuahua 9
52%
Yucatán 6
40%
Jalisco 21
38%
Sonora 8
38%
Veracruz 20
35%
Oaxaca 10
34%
Baja California Sur 2
32%
Nuevo León 14
30%
Puebla 16
29%
Sinaloa 8
20%
Chiapas 14
19%
Durango 5
18%
Guerrero 9
18%
Coahuila 8
17%
Michoacán 12
14%
Quintana Roo 5
14%
Tamaulipas 9
14%
Guanajuato 15
11%
Querétaro 6
9%
San Luis Potosí 7
9%
Tabasco 6
9%
Hidalgo 8
8%
Morelos 5
8%
Zacatecas 4
8%
Campeche 2
7%
Colima 2
6%
Aguascalientes 4
5%
Tlaxcala 3
5%
Nayarit 3
4%
No matching quizzes found
Score Distribution
Percent of People with Each Score
Percentile by Number Answered
Your Score History
You have not taken this quiz